00000000cam 2200000zi 4500
0019.939709
003CaOODSP
00520260127130259
006m     o  d f      
007cr cn|||||||||
008240624t20252025oncao   o    f000 0 eng d
020 |z9780660706122
040 |aCaOODSP|beng|erda|cCaOODSP
043 |an-cn---
0861 |aA104-486/2024-1E-PDF|zA104-486/2024E
24500|aSpotted lanternfly : |bspot it? Snap, catch and report it.
264 1|a[Ottawa] : |bCanadian Food Inspection Agency = Agence canadienne d'inspection des aliments, |c[2025]
264 4|c©2025
300 |a1 online resource (2 unnumbered pages) : |billustrations, photographs
336 |atext|btxt|2rdacontent
337 |acomputer|bc|2rdamedia
338 |aonline resource|bcr|2rdacarrier
500 |aCaption title.
500 |aIncorrect catalogue number (A104-486/2025E) and ISBN (9780660706122) printed in this publication.
500 |aIssued also in French under title: Fulgore tacheté : vous le voyez? Photographiez, capturez et signalez-le.
500 |aReplaced by revised version, 2026-01-27.
520 |a"It you think you have found a spotted lanternfly nymph, adult or egg mass in Canada, report it to the Canadian Food Inspection Agency"--Page [2].
650 0|aLycorma delicatula|xControl|zCanada.
7102 |aCanadian Food Inspection Agency, |eissuing body.
77508|tFulgore tacheté : |w(CaOODSP)9.939712
85640|qPDF|s448 KB|uhttps://publications.gc.ca/collections/collection_2024/acia-cfia/A104-486-2024-1-eng.pdf
8564 |qHTML|sN/A|uhttps://inspection.canada.ca/en/plant-health/invasive-pests-and-plants/insects/spotted-lanternfly/infosheets